Formula 1 Grand Prix Winners 1950-2025 - Statistics

General Stats
  • This quiz has been taken 1,303 times
    597 since last reset
  • The average score is 66 of 115
Answer Stats
Country Seasons Wins Driver % Correct
Brazil 1984–1994 41 Ayrton Senna
95%
Spain 2001, 2003–2018, 2021– 32 Fernando Alonso
95%
United Kingdom 2007– 105 Lewis Hamilton
95%
Germany 1991–2006, 2010–2012 91 Michael Schumacher
95%
Germany 1997–2007 6 Ralf Schumacher
95%
Monaco 2018– 8 Charles Leclerc
94%
Netherlands 2015– 71 Max Verstappen
94%
Australia 2011–2024 8 Daniel Ricciardo
93%
Finland 2001–2009, 2012–2021 21 Kimi Räikkönen
93%
Germany 2006–2016 23 Nico Rosberg
93%
Australia 2023– 9 Oscar Piastri
93%
Germany 2007–2022 53 Sebastian Vettel
93%
France 1980–1991, 1993 51 Alain Prost
92%
Finland 1978–1986 5 Keke Rosberg
92%
Spain 2015– 4 Carlos Sainz
91%
France 2017– 1 Pierre Gasly
91%
Mexico 2011–2024, 2026– 6 Sergio Pérez
91%
Finland 2013–2024, 2026– 10 Valtteri Bottas
91%
France 2016–2018, 2020– 1 Esteban Ocon
90%
Argentina 1950–1951, 1953–1958 24 Juan Manuel Fangio
90%
Austria 1971–1979, 1982–1985 25 Niki Lauda
90%
United Kingdom 2019– 11 Lando Norris
89%
Australia 2002–2013 9 Mark Webber
89%
Finland 1991–2001 20 Mika Häkkinen
89%
Canada 1977–1982 6 Gilles Villeneuve
86%
Canada 1996–2006 11 Jacques Villeneuve
86%
United Kingdom 2000–2017 15 Jenson Button
86%
United Kingdom 2019– 5 George Russell
85%
Germany 1973–1980, 1982 1 Jochen Mass
85%
Brazil 2002, 2004–2017 11 Felipe Massa
84%
Brazil 1978–1991 23 Nelson Piquet
83%
United Kingdom 1992–1999 22 Damon Hill
82%
United Kingdom 1958–1975 14 Graham Hill
82%
United States 1958–1964, 1966 3 Phil Hill
82%
Poland 2006–2010, 2019 1 Robert Kubica
80%
Brazil 1993–2011 11 Rubens Barrichello
80%
Brazil 1970–1980 14 Emerson Fittipaldi
79%
Colombia 2001–2006 7 Juan Pablo Montoya
79%
Italy 1950–1955 13 Alberto Ascari
77%
Australia 1955–1970 14 Jack Brabham
76%
United Kingdom 1980–1992, 1994–1995 31 Nigel Mansell
76%
Italy 1950–1955 5 Giuseppe Farina
75%
United States 1968–1972, 1974–1982 12 Mario Andretti
75%
United Kingdom 1965–1973 27 Jackie Stewart
73%
Venezuela 2011–2015 1 Pastor Maldonado
72%
Austria 1964–1970 6 Jochen Rindt
71%
South Africa 1972–1980 10 Jody Scheckter
71%
Australia 1975–1981, 1983, 1985–1986 12 Alan Jones
70%
United Kingdom 1973–1979 10 James Hunt
70%
United Kingdom 1994–2008 13 David Coulthard
69%
United Kingdom 1960–1968 25 Jim Clark
69%
Belgium 1967–1979 8 Jacky Ickx
67%
Austria 1984–1997 10 Gerhard Berger
66%
New Zealand 1958–1970 4 Bruce McLaren
65%
New Zealand 1965–1974 8 Denny Hulme
65%
Finland 2007–2013 1 Heikki Kovalainen
64%
United Kingdom 1952–1958 3 Mike Hawthorn
61%
United Kingdom 1951–1961 16 Stirling Moss
61%
United Kingdom 1960–1972 6 John Surtees
60%
Argentina 1972–1982 12 Carlos Reutemann
59%
Italy 1996–2009 3 Giancarlo Fisichella
59%
Italy 1997–2011 1 Jarno Trulli
58%
Switzerland 1970–1980 5 Clay Regazzoni
57%
France 1989–2001 1 Jean Alesi
57%
Sweden 1970–1978 10 Ronnie Peterson
57%
Germany 1994–2003 3 Heinz-Harald Frentzen
55%
France 1978–1989 7 René Arnoux
53%
Mexico 1963–1971 2 Pedro Rodríguez
52%
Italy 1977–1993 6 Riccardo Patrese
52%
France 1994–1999, 2001–2004 1 Olivier Panis
50%
United Kingdom 1993–2002 4 Eddie Irvine
48%
Italy 1981–1994 5 Michele Alboreto
47%
Argentina 1950–1957, 1960 2 José Froilán González
44%
Belgium 1983–1993 3 Thierry Boutsen
44%
West Germany 1956–1961 2 Wolfgang von Trips
44%
France 1974–1986 6 Jacques Laffite
43%
France 1978–1982 3 Didier Pironi
40%
Brazil 1972–1977 1 Carlos Pace
39%
Italy 1979–1986 2 Elio de Angelis
38%
United Kingdom 1989–2000 3 Johnny Herbert
37%
United Kingdom 1973–1983, 1985 5 John Watson
37%
France 1970–1973 1 François Cevert
36%
United Kingdom 1956–1961 6 Tony Brooks
34%
France 1974–1975, 1977–1981 2 Jean-Pierre Jabouille
31%
France 1977–1979, 1981–1986 2 Patrick Tambay
31%
Italy 1986–1990 1 Alessandro Nannini
30%
Italy 1950–1951 1 Luigi Fagioli
30%
France 1972, 1974–1980 2 Patrick Depailler
29%
United Kingdom 1952–1958 3 Peter Collins
29%
United States 1959–1968, 1970 4 Dan Gurney
28%
Switzerland 1962–1971 2 Jo Siffert
28%
France 1950–1964 2 Maurice Trintignant
28%
Italy 1953–1958 1 Luigi Musso
27%
Sweden 1956–1971 1 Jo Bonnier
26%
Italy 1961–1967 1 Lorenzo Bandini
25%
United States 1960–1967 1 Richie Ginther
24%
Sweden 1976–1977 1 Gunnar Nilsson
23%
Italy 1950–1952, 1954–1956 1 Piero Taruffi
23%
United States 1951–1955 2* Bill Vukovich
21%
Italy 1961–1967 1 Giancarlo Baghetti
20%
United Kingdom 1959–1966 1 Innes Ireland
20%
France 1967–1974 1 Jean-Pierre Beltoise
20%
United States 1964, 1971–1974 2 Peter Revson
20%
Italy 1974–1980 1 Vittorio Brambilla
19%
Italy 1963–1968 1 Ludovico Scarfiotti
18%
United Kingdom 1970–1974 1 Peter Gethin
14%
United States 1950, 1952–1960 1* Jim Rathmann
11%
United States 1951–1960, 1963 1* Rodger Ward
11%
United States 1950–1957 1* Sam Hanks
11%
United States 1950–1952, 1954, 1956–1958, 1960 1* Troy Ruttman
11%
United States 1950–1958 1* Johnnie Parsons
10%
United States 1950–1951 1* Lee Wallard
9%
United States 1952–1960 1* Jimmy Bryan
7%
United States 1952–1956 1* Bob Sweikert
6%
United States 1950, 1953–1956, 1959 1* Pat Flaherty
5%
No matching quizzes found
Score Distribution
Percent of People with Each Score
Percentile by Number Answered
Your Score History
You have not taken this quiz since the last reset